000 00645nas a22002297i 4500
999 _c5605
_d5605
001 5889
003 OSt
005 20180926161308.0
007 tu
008 161220s2000 xxu||||| |||| 00| 0 d
022 _a1683-0121
022 _a1012-9979
024 7 _a5889
_2RID
024 7 _a5889
_2RSN (alt)
040 _cOSt
110 2 _aBank for International Settlements
245 0 0 _aBIS Quarterly Review
_bInternational Banking and Financial Market Developments
260 _aBasel :
_bBank for International Settlements,
_c2000-2016.
500 0 0 _awww.bis.org
856 _uhttps://www.bis.org/publ/qtrpdf/r_qt1503.htm?m=5|25
942 _cJ